[Event "83eme Championnat de Paris - Open Fide"]
[Site "Paris - Halle Carpentier (13e"]
[Date "2008.07.06"]
[Round "9.20"]
[White "Roos, Jean-Luc"]
[Black "Carpentier, Pierre"]
[Result "1-0"]
[WhiteElo "2326"]
[BlackElo "2213"]
[Annotator "Salaun,Michel"]
[PlyCount "91"]
[EventDate "2008.07.06"]
[EventType "swiss"]
[EventRounds "9"]
[EventCountry "FRA"]

1. Nf3 Nf6 2. c4 g6 3. d4 Bg7 4. Nc3 d6 5. g3 O-O 6. Bg2 Nbd7 7. O-O e5 8. e4
exd4 9. Nxd4 Re8 10. h3 a6 11. Rb1 Rb8 12. a4 Nc5 13. f3 c6 14. Be3 a5 15. Qd2
Nfd7 16. Rbd1 Ne5 17. b3 Qb6 18. Rb1 Qc7 19. Kh2 Ned3 20. Rbd1 Nb4 21. Nde2 b6
22. Nc1 Be5 23. N3e2 Rb7 24. f4 Bg7 25. Qxd6 Qxd6 26. Rxd6 Nxe4 27. Bxe4 Rxe4
28. Rd8+ Bf8 29. Bxb6 Bxh3 30. Rxf8+ Kxf8 31. Bc5+ Kg7 32. Kxh3 Rd7 33. Bb6 Nc2
34. Bxa5 Ne3 35. Rg1 f5 36. Bb6 Ng4 37. a5 Rd2 38. Re1 h6 39. a6 g5 40. a7 Re8
41. Bc7 Nf2+ 42. Kg2 Nd3 43. Nxd3 Rexe2+ 44. Rxe2 Rxe2+ 45. Kf3 Ra2 46. Bb6 1-0

[Event "83eme Championnat de Paris - Open Fide"]
[Site "Paris - Halle Carpentier (13e"]
[Date "2008.07.06"]
[Round "9.21"]
[White "Manoeuvre, Antoine"]
[Black "Blazkova, Petra"]
[Result "1-0"]
[WhiteElo "2052"]
[BlackElo "2202"]
[Annotator "Salaun,Michel"]
[PlyCount "75"]
[EventDate "2008.07.06"]
[EventType "swiss"]
[EventRounds "9"]
[EventCountry "FRA"]

1. d4 f5 2. g3 Nf6 3. Bg2 g6 4. c4 Bg7 5. Nc3 O-O 6. Nf3 d6 7. O-O Qe8 8. Nd5
Nxd5 9. cxd5 c6 10. Qb3 Kh8 11. Bd2 h6 12. Bc3 cxd5 13. Qxd5 Nd7 14. Qb3 Rb8
15. Rac1 Nf6 16. d5 g5 17. Bd4 e5 18. dxe6 Bxe6 19. Qa3 a6 20. Rc7 Rc8 21. Rfc1
Rxc7 22. Rxc7 Bd5 23. Qxd6 Qd8 24. Qxd8 Rxd8 25. Ne5 Kg8 26. e3 Bxa2 27. Bxb7
Ne8 28. Rc8 Rxc8 29. Bxc8 Nd6 30. Bxa6 Bb3 31. Nc6 Bf8 32. Na5 Ba4 33. Bc5 Kf7
34. b4 Be7 35. Nc4 Nb5 36. Nb2 Nc3 37. Bc4+ Ke8 38. Nxa4 1-0

[Event "83eme Championnat de Paris - Open Fide"]
[Site "Paris - Halle Carpentier (13e"]
[Date "2008.07.06"]
[Round "9.19"]
[White "Leconte, Maria"]
[Black "Tarasova, Viktoriya"]
[Result "0-1"]
[WhiteElo "2336"]
[BlackElo "2276"]
[Annotator "Salaun,Michel"]
[PlyCount "66"]
[EventDate "2008.07.06"]
[EventType "swiss"]
[EventRounds "9"]
[EventCountry "FRA"]

1. e4 e5 2. Nf3 Nc6 3. Nc3 Nf6 4. Bb5 Bc5 5. d3 O-O 6. Bg5 h6 7. Bh4 g5 8. Bg3
d6 9. Qd2 Nh5 10. O-O-O Bg4 11. h4 Nd4 12. Nxd4 Nxg3 13. fxg3 Bxd4 14. Rde1 c6
15. Bc4 b5 16. Bb3 Kg7 17. Nd1 a5 18. c3 a4 19. Bc2 Bb6 20. d4 exd4 21. cxd4
Ba5 22. Qd3 Bxe1 23. e5 Rh8 24. Rxe1 Bxd1 25. Bxd1 dxe5 26. Rxe5 Ra7 27. Qe3
Rd7 28. Bh5 Qf6 29. hxg5 hxg5 30. Rxg5+ Kf8 31. Re5 Qh6 32. Rg5 Rd5 33. Qa3+ c5
0-1

[Event "83eme Championnat de Paris - Open Fide"]
[Site "Paris - Halle Carpentier (13e"]
[Date "2008.07.06"]
[Round "9.18"]
[White "Sohier, Julien"]
[Black "Calistri, Tristan"]
[Result "0-1"]
[WhiteElo "2270"]
[BlackElo "2352"]
[Annotator "Salaun,Michel"]
[PlyCount "48"]
[EventDate "2008.07.06"]
[EventType "swiss"]
[EventRounds "9"]
[EventCountry "FRA"]

1. e4 e5 2. Nf3 Nc6 3. Bb5 a6 4. Ba4 Nf6 5. O-O b5 6. Bb3 Bc5 7. c3 d6 8. d4
Bb6 9. a4 Rb8 10. axb5 axb5 11. Na3 O-O 12. Nxb5 Bg4 13. d5 Ne7 14. Bc2 Qe8 15.
c4 Nxe4 16. Bxe4 f5 17. Bd3 e4 18. Be2 exf3 19. Bxf3 Ng6 20. Ra3 Ne5 21. Bxg4
fxg4 22. Qc2 Rxf2 23. Rxf2 Nxc4 24. Bd2 Nxa3 0-1